| 000 | 00600nam a2200205 i 4500 | ||
|---|---|---|---|
| 001 | 62532 | ||
| 003 | ES-MaACL | ||
| 005 | 20260525062927.0 | ||
| 007 | t| | ||
| 008 | 031121s1956 sp ||||1| spa d | ||
| 100 | 1 |
_aFernández Flórez, Wenceslao, _d1885-1964 _949790 |
|
| 245 | 1 | 4 |
_aLas gafas del diablo / _cW. Fernández Flórez. |
| 250 | _a6ª ed. | ||
| 260 |
_a[Madrid] : _bEspasa-Calpe, _c[1956] |
||
| 300 |
_a146 p. ; _c18 cm. |
||
| 490 | 1 |
_aColección austral ; _v145 |
|
| 830 | 0 |
_aColección austral _v145 _9177655 |
|
| 852 |
_aES-MaACL _jC-11479 _bR.39450 |
||
| 999 |
_c62532 _d62532 |
||